Syntéza servomechanizmov a automatizovaných pohonov s tyristorovými akčnými členmi : Záverečná správa výskumnej úlohy El F 69/2

Uložené v:
Podrobná bibliografia
Hlavní autori: Boršč, Michal (Autor), Jurišica, Ladislav, 1942- (Autor), Siviček, Pavel (Autor), Žalman, Milan, 1945- (Autor), Almássy, Stanislav (Autor), Babirád, Jozef, 1938- (Autor)
Ďalší autori: Kalaš, Václav (Vedúci výskumného tímu)
Médium: Kniha
Vydavateľské údaje: Bratislava : SVŠT v Bratislave EF, 1973
Tagy: Pridať tag
Žiadne tagy, Buďte prvý, kto otaguje tento záznam!

MARC

LEADER 00000nam a22000003a 4500
001 stu236685
005 20150617230136.2
008 111018s1973----------------------------d
040 |a STU  |b slo 
041 0
100 1 |a Kalaš, Václav  |4 rth  |u E010  |T FEI Ústav riadenia a priemyselnej informatiky  |U E010  |Y E010 
245 1 |a Syntéza servomechanizmov a automatizovaných pohonov s tyristorovými akčnými členmi :  |b Záverečná správa výskumnej úlohy El F 69/2 
260 |a Bratislava :  |b SVŠT v Bratislave EF,  |c 1973 
300 |a 150 s 
700 1 |a Boršč, Michal  |4 aut 
700 1 |a Jurišica, Ladislav,  |d 1942-  |4 aut  |u E010  |T FEI Ústav riadenia a priemyselnej informatiky  |X 2099  |U E010  |Y E010  |7 A000002099 
700 1 |a Siviček, Pavel  |4 aut 
700 1 |a Žalman, Milan,  |d 1945-  |4 aut  |u E010  |T FEI Ústav riadenia a priemyselnej informatiky  |X 4928  |U E010  |Y E010  |7 A000004928 
700 1 |a Almássy, Stanislav  |4 aut 
700 1 |a Babirád, Jozef,  |d 1938-  |4 aut  |u E260  |U FEI Fakulta elektrotechniky a informatiky  |T FEI Katedra automatizovaných systémov riadenia  |X 4958  |U E260  |Y 595  |7 A000004958 
996 |b EVYSK-S-132  |c E*VYSK-S-132  |l E  |s P  |a 0  |w stu236685_0001